Surveying assets in the built environment (Record no. 115897)
[ view plain ]
| 000 -LEADER | |
|---|---|
| fixed length control field | 01081cad a22002415a 4500 |
| 001 - CONTROL NUMBER | |
| control field | L159436 |
| 008 - FIXED-LENGTH DATA ELEMENTS--GENERAL INFORMATION | |
| fixed length control field | 130516s2017 xxk f 000 0 eng d |
| 020 ## - INTERNATIONAL STANDARD BOOK NUMBER | |
| International Standard Book Number | 9781783211555 |
| 035 ## - SYSTEM CONTROL NUMBER | |
| System control number | (Sirsi) u159436 |
| 041 0# - LANGUAGE CODE | |
| Language code of text/sound track or separate title | eng |
| 110 2# - MAIN ENTRY--CORPORATE NAME | |
| Corporate name or jurisdiction name as entry element | Royal Institution of Chartered Surveyors |
| 9 (RLIN) | 4900 |
| 245 00 - TITLE STATEMENT | |
| Title | Surveying assets in the built environment |
| Medium | [electronic resource] |
| 260 ## - PUBLICATION, DISTRIBUTION, ETC. | |
| Place of publication, distribution, etc. | London |
| Date of publication, distribution, etc. | RICS |
| Name of publisher, distributor, etc. | 2017 |
| 300 ## - PHYSICAL DESCRIPTION | |
| Extent | 17p. |
| 490 #0 - SERIES STATEMENT | |
| Series statement | RICS Guidance Note |
| 520 ## - SUMMARY, ETC. | |
| Summary, etc. | Provides a professional practitioner or individual commissioned to undertake a survey with outlined guidance on fulfilling elements of a client's brief, along with unique aspects arising from the myriad of asset type and their usages. Effective from 1st April 2017. |
| 590 ## - LOCAL NOTE (RLIN) | |
| Local note | KA |
| 651 #4 - SUBJECT ADDED ENTRY--GEOGRAPHIC NAME | |
| Geographic name | United Kingdom |
| 690 ## - LOCAL SUBJECT ADDED ENTRY--TOPICAL TERM (OCLC, RLIN) | |
| Topical term or geographic name as entry element | Building surveying |
| 9 (RLIN) | 6225 |
| 690 ## - LOCAL SUBJECT ADDED ENTRY--TOPICAL TERM (OCLC, RLIN) | |
| Topical term or geographic name as entry element | Survey reports |
| 9 (RLIN) | 6270 |
| 856 40 - ELECTRONIC LOCATION AND ACCESS | |
| Uniform Resource Identifier | <a href="https://www.rics.org/profession-standards/rics-standards-and-guidance/sector-standards/building-surveying-standards/surveying-assets-in-the-built-environment">https://www.rics.org/profession-standards/rics-standards-and-guidance/sector-standards/building-surveying-standards/surveying-assets-in-the-built-environment</a> |
| Public note | View free on www.rics.org |
| 942 ## - ADDED ENTRY ELEMENTS (KOHA) | |
| Suppress in OPAC | 0 |
| Source of classification or shelving scheme | Dewey Decimal Classification |
| Withdrawn status | Lost status | Source of classification or shelving scheme | Damaged status | Not for loan | Home library | Current library | Shelving location | Date acquired | Total Checkouts | Full call number | Barcode | Date last seen | Copy number | Price effective from | Koha item type |
|---|---|---|---|---|---|---|---|---|---|---|---|---|---|---|---|
| Dewey Decimal Classification | Virtual | Virtual | Online | 18/07/2017 | ONLINE PUBLICATION | 159436-2001 | 23/03/2023 | 1 | 06/08/2019 | Book |